Huellas del ser humano entre el Eufrates y el Tigris.
Guardado en:
| Formato: | |
|---|---|
| Series: | Huellas del Pasado
|
| Materias: | |
| Etiquetas: |
Agregar Etiqueta
Sin Etiquetas, Sea el primero en etiquetar este registro!
|
| LEADER | 01112ngm a22003135g 4500 | ||
|---|---|---|---|
| 001 | CEM.cems021618 | ||
| 008 | 130507b1992##################0###0#####d | ||
| 005 | 20240830155947.0 | ||
| 245 | 0 | 0 | |a Huellas del ser humano entre el Eufrates y el Tigris. |
| 300 | |a 26 | ||
| 490 | 0 | |a Huellas del Pasado | |
| 500 | |a En soporte VHS, consultar en ventanilla. | ||
| 538 | |a Soporte: VHS - Norma: Pal N - Color - Grabación Drd 1992 - Hitachi=1401. | ||
| 505 | 0 | |a Bagdad. Trabajos con metales. Establecimiento del hombre. Alfarería. Civilizaciones del siglo IV a.C. Mesopotamia: bases culturales de la civilización. Actividades actuales. Eufrates y Tigris. Hallazgos arqueológicos. | |
| 082 | 5 | 7 | |. 7/HUE-2 |
| 653 | |a HISTORIA | ||
| 653 | |a ANTROPOLOGIA | ||
| 653 | |a EUFRATES | ||
| 653 | |a TIGRIS | ||
| 653 | |a SOCIOLOGIA | ||
| 653 | |a ASIA | ||
| 653 | |a BAGDAD | ||
| 653 | |a MESOPOTAMIA | ||
| 653 | |a ARQUEOLOGIA | ||
| 653 | |a CIVILIZACIONES | ||
| 653 | |a CULTURAS | ||
| 653 | |a HISTORIA ANTIGUA | ||
| 653 | |a NIVEL SECUNDARIO | ||
| 859 | |a CEMS |b BIB. CEMS - Depto. Recursos Didacticos |h 572.7 |i HUE-2 |k DRD |p 261.12 |t Ej.1 | ||
